Foodwise 1.1
Na minha lista:
| Formato: | Livro |
|---|---|
| Idioma: | Undetermined |
| Publicado em: |
McGraw-Hill
2004
|
| Assuntos: | |
| Tags: |
Adicionar Tag
Sem tags, seja o primeiro a adicionar uma tag!
|
| Thư viện lưu trữ: | Trung tâm Học liệu Trường Đại học Cần Thơ |
|---|
| LEADER | 00447nam a2200169Ia 4500 | ||
|---|---|---|---|
| 001 | CTU_122368 | ||
| 008 | 210402s9999 xx 000 0 und d | ||
| 082 | |a 613.2 | ||
| 082 | |b F686 | ||
| 245 | 0 | |a Foodwise 1.1 | |
| 260 | |b McGraw-Hill | ||
| 260 | |c 2004 | ||
| 650 | |a Diet,Nutrition | ||
| 650 | |x Software.,Software. | ||
| 904 | |i M.Loan | ||
| 910 | |a Kèm sách có số AV.004814 | ||
| 980 | |a Trung tâm Học liệu Trường Đại học Cần Thơ | ||